| 000 | 01167cam a2200229 4500 | ||
|---|---|---|---|
| 001 | ABS66196 | ||
| 008 | 021211n2002 000 0 eng u | ||
| 035 | _a(Sirsi) u120740 | ||
| 100 | _aBrewer, G. | ||
| 245 | _a'Pay when paid' clauses | ||
| 260 | _c2002 | ||
| 490 |
_aContract Journal _v(416)6402 6 November 2002, 22(1) |
||
| 520 | _aDiscusses the operation of pay when paid under the DOM/1 subcontract. Examines "Aqua Design and Play International Ltd and another v Kier Regional Ltd" which highlights that a pay when paid mechanism is not included in the published form of DOM/1. Despite that, the Housing Grants, Construction and Regeneration Act 1996 will allow such provisions in the event of the insolvency of the employer. The parties are then free to amend the subcontract to include a compliant pay when paid provision. | ||
| 590 | _aABS | ||
| 650 | _aPAY WHEN PAID | ||
| 650 | _aAQUA DESIGN AND PLAY INTERNATIONAL LTD AND ANOTHER V KIER REGIONAL LTD | ||
| 650 | _aDOM/1 CL32 | ||
| 650 | _aHOUSING GRANTS, CONSTRUCTION AND REGENERATION ACT 1996 | ||
| 650 | _aSUBCONTRACTS | ||
| 690 | _aBUILT ENVIRONMENT-BUILDING CONTRACT FORMS | ||
| 942 | _n0 | ||
| 999 |
_c71751 _d71751 |
||